Science Quiz

Random Science or Animal Quiz

Hi, Zoo Animal! Where You From? II Quiz Stats

 Plays Quiz Updated Aug 7, 2015

Challenge
Share
Tweet
Embed
Score 0/27 Timer 05:00
0 Plays Today
% Correct
Brazil
90.4%
China
88.3%
China
88.3%
India
85.3%
Australia
84.8%
United States of America
78.8%
Russia
77.1%
Mexico
76.4%
South Africa
73.1%
Indonesia
71.2%
Indonesia
71.2%
Nepal
67.4%
Pakistan
66.3%
Madagascar
59.9%
% Correct
Suriname
59.2%
Guyana
58.9%
Bangladesh
58.7%
Zimbabwe
54.1%
Papua New Guinea
52.2%
Democratic Republic of the Congo
51.8%
France (French Guiana)
51%
Sri Lanka
50.1%
Bhutan
47.7%
Namibia
47.6%
Botswana
46.2%
Angola
44.3%
Seychelles
21.5%

You're not logged in!

Compare scores with friends on all Sporcle quizzes.
Join for Free
OR
Log In

You Might Also Like...

Show Comments

Extras

Top Quizzes Today


Score Distribution

Your Account Isn't Verified!

In order to create a playlist on Sporcle, you need to verify the email address you used during registration. Go to your Sporcle Settings to finish the process.

Report this User

Report this user for behavior that violates our Community Guidelines.

Details: